Monkey needs to listen: (Record no. 49454)
| 000 -LEADER | |
|---|---|
| fixed length control field | 00367nam a2200121 4500 |
| 020 ## - INTERNATIONAL STANDARD BOOK NUMBER | |
| International Standard Book Number | 9781445147178 |
| 100 ## - MAIN ENTRY--PERSONAL NAME | |
| Personal name | Graves, Sue |
| 9 (RLIN) | 83836 |
| 245 ## - TITLE STATEMENT | |
| Title | Monkey needs to listen: |
| Remainder of title | a book about paying attention / |
| Statement of responsibility, etc | Sue Graves & Trevor Dunton |
| 260 ## - PUBLICATION, DISTRIBUTION, ETC. (IMPRINT) | |
| Place of publication, distribution, etc | London |
| Name of publisher, distributor, etc | Franklin Watts |
| Date of publication, distribution, etc | 2022 |
| 300 ## - PHYSICAL DESCRIPTION | |
| Extent | 30 p. |
| Other physical details | col. ill. |
| Dimensions | 24 cm. |
| 490 ## - SERIES STATEMENT | |
| Series statement | Behavior Matters! |
| 942 ## - ADDED ENTRY ELEMENTS (KOHA) | |
| Source of classification or shelving scheme | |
| Koha item type | Book |
| Withdrawn status | Lost status | Source of classification or shelving scheme | Damaged status | Not for loan | Collection code | Home library | Current library | Shelving location | Date acquired | Total Checkouts | Full call number | Barcode | Date last seen | Price effective from | Koha item type |
|---|---|---|---|---|---|---|---|---|---|---|---|---|---|---|---|
| TEACHERS' RESOURCES | Asian Hope Primary Library | Asian Hope Primary Library | Non Fiction | 08/29/2025 | 153.733 GRA | 209376 | 08/29/2025 | 08/29/2025 | Book |